Quizzes
Events
Quiz Creation
Community
Videos
Private Events
Remove Ads
Sign In
Join for FREE
Feedback
Dark Mode
Quiz Categories
Sports
Geography
Music
Movies
Television
Just For Fun
Miscellaneous
History
Literature
Language
Science
Gaming
Entertainment
Religion
Holiday
For Kids
Quiz Lab
Recent
Popular Today
Quiz Kudos Today
Editor Picks
Curator Picks
Quizzes by...
Day
Popularity
Type
Ratings
Length
Year
Community
Subscriptions
Recent Discussions
Orange Saloon
Badges
Playlists
Quests
Create
Leaderboards
Showdown
Live 5
Trivia Bingo
Activity
Puzzle Library
Sporcle Events
Private Events
Virtual Trivia
Globe League
Become a Host
Pub Owners
SporcleCon
Opinionation
Our Games
Videos
Blog
Mobile Apps
Partnerships
Remove Ads and Go Orange
Feedback
Literature
Harry Potter
A Song of Ice and Fire
The Hunger Games
Literary Character
Shakespeare
Book
Author
Novel
Poem
Young Adult
Children's Books
Play
Lord of the Rings
Literature
Harry Potter
A Song of Ice and Fire
The Hunger Games
Literary Character
Shakespeare
Book
Author
Novel
Poem
Young Adult
Children's Books
Play
Lord of the Rings
Random Quiz
Search Sporcle
×
Quiz Lab
Quiz Lab
Literature
Author
Type in answers that appear in a list
Type in answers that appear in a list
Classic
Best Score? Go Orange.
Who Wrote the Novel? Stats
Can you name the author of each novel?
By
ChemistryTeacher
15m
100 Questions
64 Plays
64 Plays
64 Plays
Comments
Comments
Give Quiz Kudos
Give Quiz Kudos
-
- Ratings
hide this ad
More Info
Forced Order
Answers have to be entered in order
Answers have to be entered in order
Replay
Link that replays current quiz
Next Quiz
Link to next quiz in quiz playlist
You Got
0%
They Got
Avg Score
67%
Avg Friend Score
Upgrade to see
Score Distribution
Jump to the score distribution portion of the page
Score
0/100
Timer
15:00
0
Plays Today
Title
Author
% Correct
A Tale of Two Cities
Charles Dickens
96.9%
Carrie
Stephen King
96.9%
Frankenstein
Mary Shelley
96.9%
Pride and Prejudice
Jane Austen
96.9%
Brave New World
Aldous Huxley
95.3%
Les Misérables
Victor Hugo
95.3%
Nineteen Eighty-
Four
George Orwell
95.3%
The Great Gatsby
F. Scott Fitzgerald
95.3%
Jane Eyre
Charlotte Bronte
93.8%
To Kill a Mockingbird
Harper Lee
93.8%
Wuthering Heights
Emily Bronte
93.8%
Lord of the Flies
William Golding
92.2%
The Adventures of Tom Sawyer
Mark Twain
92.2%
A Farewell to Arms
Ernest Hemingway
90.6%
Dracula
Bram Stoker
90.6%
The Grapes of Wrath
John Steinbeck
90.6%
Around the World in Eighty Days
Jules Verne
89.1%
Don Quixote
Miguel de Cervantes
89.1%
Gulliver's Travels
Jonathan Swift
89.1%
Little Women
Louisa May Alcott
89.1%
Moby-
Dick
Herman Melville
89.1%
The Catcher in the Rye
J.D. Salinger
89.1%
Ulysses
James Joyce
89.1%
Candide
Voltaire
87.5%
Catch-
22
Joseph Heller
87.5%
Slaughterhouse-
Five
Kurt Vonnegut
87.5%
War and Peace
Leo Tolstoy
87.5%
In Cold Blood
Truman Capote
85.9%
The Scarlet Letter
Nathaniel Hawthorne
85.9%
Treasure Island
Robert Louis Stevenson
85.9%
The Picture of Dorian Gray
Oscar Wilde
84.4%
Beloved
Toni Morrison
82.8%
The Three Musketeers
Alexandre Dumas
82.8%
Uncle Tom's Cabin
Harriet Beecher Stowe
82.8%
Title
Author
% Correct
Gone with the Wind
Margaret Mitchell
81.3%
Lolita
Vladimir Nabokov
81.3%
Robinson Crusoe
Daniel Defoe
81.3%
The Bell Jar
Sylvia Plath
81.3%
The Fountainhead
Ayn Rand
78.1%
A Study in Scarlet
Arthur Conan Doyle
75%
Crime and Punishment
Fyodor Dostoyevsky
75%
Mrs. Dalloway
Virginia Woolf
75%
The Sound and the Fury
William Faulkner
75%
Death on the Nile
Agatha Christie
73.4%
Lady Chatterley's Lover
D.H. Lawrence
73.4%
The Metamorphosis
Franz Kafka
73.4%
Ivanhoe
Sir Walter Scott
71.9%
The Godfather
Mario Puzo
71.9%
A Room with a View
E.M. Forster
70.3%
Brideshead Revisited
Evelyn Waugh
70.3%
Invisible Man
Ralph Ellison
70.3%
The Color Purple
Alice Walker
70.3%
The Invisible Man
H.G. Wells
70.3%
The Jungle
Upton Sinclair
68.8%
The Last of the Mohicans
James Fenimore Cooper
68.8%
Vanity Fair
William Makepeace Thackeray
68.8%
Madame Bovary
Gustave Flaubert
67.2%
Midnight's Children
Salman Rushdie
67.2%
One Hundred Years of Solitude
Gabriel Garcia Marquez
67.2%
Jude the Obscure
Thomas Hardy
65.6%
Silas Marner
George Eliot
65.6%
The Joy Luck Club
Amy Tan
65.6%
One Flew Over the Cuckoo's Nest
Ken Kesey
64.1%
The Age of Innocence
Edith Wharton
62.5%
Fear and Loathing in Las Vegas
Hunter S. Thompson
57.8%
Jaws
Peter Benchley
57.8%
Native Son
Richard Wright
57.8%
The Lovely Bones
Alice Sebold
57.8%
Title
Author
% Correct
In Search of Lost Time (or Remembrance of Things Past
Marcel Proust
56.3%
The Good Earth
Pearl S. Buck
54.7%
Tom Jones
Henry Fielding
54.7%
O Pioneers!
Willa Cather
53.1%
The Maltese Falcon
Dashiell Hammett
53.1%
Portnoy's Complaint
Philip Roth
51.6%
The Cider House Rules
John Irving
51.6%
The Big Sleep
Raymond Chandler
48.4%
The Bonfire of the Vanities
Tom Wolfe
48.4%
Steppenwolf
Hermann Hesse
46.9%
The Magic Mountain
Thomas Mann
46.9%
All the King's Men
Robert Penn Warren
45.3%
Ragtime
E.L. Doctorow
45.3%
Of Human Bondage
Somerset Maugham
43.8%
The Heart Is a Lonely Hunter
Carson McCullers
43.8%
The Plague
Albert Camus
43.8%
Exodus
Leon Uris
42.2%
I, Claudius
Robert Graves
42.2%
Sophie's Choice
William Styron
40.6%
The Naked and the Dead
Norman Mailer
40.6%
Main Street
Sinclair Lewis
39.1%
Henderson the Rain King
Saul Bellow
35.9%
Sister Carrie
Theodore Dreiser
34.4%
The Exorcist
William Peter Blatty
32.8%
Myra Breckinridge
Gore Vidal
31.3%
The Caine Mutiny
Herman Wouk
29.7%
The Bridge of San Luis Rey
Thornton Wilder
28.1%
Gigi
Colette
26.6%
The Bridges of Madison County
Robert James Waller
18.8%
The Natural
Bernard Malamud
18.8%
Appointment in Samarra
John O'Hara
17.2%
So Big
Edna Ferber
17.2%
Quiz Playlist
Details
Report
Send in Message
Add To Playlist
More Info:
Last name is sufficient
Classic:
Type in answers that appear in a list
Forced Order:
Answers have to be entered in order
Last Updated: Feb 16, 2017
Quiz Scoreboard
CHALLENGE
Sign Up to Join the Scoreboard
Show All
Scores
Hide
Comments
May contain spoilers
Recently Published
Popular People in 1961
by mucciniale
History
6m
1-10 Letter E Words III
by El_Dandy
Language
2m
One Thing in Common: World Cities II
by knightlancer
Geography
7m
More to Explore
Quiz From the Vault
Featured Blog Post
Where Did the Easter Bunny Come From?
hide this ad
You Might Also Like...
Tags
Author Quiz
Book Quiz
Novel Quiz
Novella
Today's Top Quizzes in Literature
Browse Literature
hide this ad
Today's Top Quizzes in Author
Browse Author
Top Contributed Quizzes in Literature
1
Sneaky Slytherin Logic Puzzle
2
Get The Picture: Black or White Literature
3
One Thing in Common: Literature
4
Weasley Family Reunion: Logic Puzzle
5
Lily Potter Start to Finish
6
James Potter Start to Finish
7
ASOIAF Logic Puzzle [Difficult] [Read Note first!!]
8
One piece logic quiz 3 (Hard difficulty)
9
One Thing in Common: Books
10
Harry Potter and the Philosopher's Stone Logic Puzzle
Explore More
Trending Topics
Marvel
Disney
Kpop
Anime
Harry Potter
NBA
Crossword
Country
Song
Puzzle
WWE
Soccer
NFL
The Office
Pokémon
hide this ad
More By:
ChemistryTeacher
Quiz
Plays
Rating
Category
Featured
Created
Emmy-Winning Actors & Actresses
719
4.13
Television
Jan 29, 2013
Latin Words & Phrases
372
3.67
Language
Feb 8, 2013
Movie Quotes I
235
4.00
Movies
Feb 12, 2013
Missing Word: Grammy Record of the Year
213
4.40
Music
Feb 10, 2013
Movie Quotes II
187
4.00
Movies
Feb 12, 2013
Go to Creator's Profile
Score Distribution
Quiz Creator Spotlight
ChemistryTeacher
Follow
Send a Message
Quizzes Created
-
Created Quiz Play Count
-
More By This Creator
Popular Quizzes Today
1
Find the US States - No Outlines Minefield
2
The Countries of the World
3
Find the Countries of Europe - No Outlines Minefield
4
Popular People in 1961
5
1-10 Letter E Words III
6
Find the US States
7
One Thing in Common: World Cities II
8
US States
More Literature Quizzes
Harry Potter: Diary Venn Diagram
Quiz Lab
Trending Quizzes
Risky Map Clicking: Least Populous States A-Z
1-10 Letter F Words
1-10 Letter G Words
One Thing in Common: United Kingdom
Risky Map Clicking: Next State Alphabetically
Recently Updated
Leaping Animals
pecheneg
Reality TV Shows (A-Z)
bhenderson79
Rickey Henderson's Hall of Fame Teammates
pecheneg
Champions League XIs: Arsenal
pecheneg
Quick Pick: Celebrities in WWE's Hall of Fame
aduchscher
A-Z Keypad Blitz II
pecheneg
Multiple Oscar Actors
pecheneg
Mystery Phrase Blitz: Oscar 'Best Actors'
pecheneg
F. Scott Fitzgerald Novels
LTH
Pick 3 Villains
ddd62291
Trending Topics
Anime
NBA
Harry Potter
Disney
Kpop
Marvel
Crossword
Soccer
NFL
The Office
Song
WWE
Puzzle
Country
Pokémon
Your Account Isn't Verified!
In order to create a playlist on Sporcle, you need to verify the email address you used during registration. Go to your
Sporcle Settings
to finish the process.
Report this User
Report this user for behavior that violates our
Community Guidelines
.
Details:
Send Report
Go to the Sporcle.com Mobile Site →
Comments